Остров на дне океана: повесть; Одно дело Зосима Петровича

التفاصيل البيبلوغرافية
المؤلف الرئيسي: Крижевич В. И. Валентин Иванович
اللغة:الروسية
منشور في: Минск, Юнацтва, 1989
TOC:Одно дело Зосима Петровича;
الموضوعات:
التنسيق: كتاب
KOHA link:https://koha.lib.tpu.ru/cgi-bin/koha/opac-detail.pl?biblionumber=248696

MARC

LEADER 00000nam0a2200000 4500
001 248696
005 20231101232419.0
010 |a 5788001951 
035 |a (RuTPU)RU\TPU\book\270562 
090 |a 248696 
100 |a 20140125d1989 d y0rusy50 ca 
101 0 |a rus 
102 |a RU 
105 |a a z 000ay 
200 1 |a Остров на дне океана  |e повесть  |f В. И. Крижевич 
210 |a Минск  |c Юнацтва  |d 1989 
215 |a 254 с.  |c ил. 
464 |t Одно дело Зосима Петровича  |o повесть  |a Миронов, Александр Евгеньевич 
606 1 |a Русская литература современная  |2 stltpush  |3 (RuTPU)RU\TPU\subj\26373  |9 50316 
610 1 |a художественная литература 
610 1 |a повести 
610 1 |a приключения 
675 |a Р2  |v 3 
700 1 |a Крижевич  |b В. И.  |g Валентин Иванович 
801 1 |a RU  |b 63413507  |c 20140125 
801 2 |a RU  |b 63413507  |c 20210928  |g RCR 
942 |c BK